| 000 | 01045nam a2200313 a 4500 | ||
|---|---|---|---|
| 001 | 000022942 | ||
| 005 | 20240425175853.0 | ||
| 008 | 101123s2000 mx a 001 0 spa d | ||
| 020 | _a9701704134 | ||
| 040 |
_aDO-SdBNP _bspa _cBNPHU |
||
| 082 |
_a515.33 _bP985c, 2000 |
||
| 100 | 1 |
_aPurcell, Edwin J. _947168 |
|
| 245 | 1 | 0 |
_aCálculo diferencial e integral / _cEdwin J. Purcell y Dale Varberg ; traducción de Elena de Oteyza. |
| 250 | _a6a ed. | ||
| 260 |
_aMéxico : _bPrentice Hall, _c2000. |
||
| 300 |
_a462 p. : _bil. ; _c25 cm. |
||
| 490 | 1 | _aAwli | |
| 500 | _aIncluye índice. | ||
| 504 | _aIncluye referencias bibliográficas y notas al pie de las páginas. | ||
| 650 | 4 |
_aCálculo diferencial _vPROBLEMAS, EJERCICIOS, ETC. _947169 |
|
| 650 | 4 |
_aCálculo integral _vPROBLEMAS, EJERCICIOS, ETC. _947170 |
|
| 650 | 4 |
_aMatemáticas para ingenieros _921064 |
|
| 650 | 0 |
_aCálculo _919730 |
|
| 700 | 1 |
_aVarberg, Dale _947171 |
|
| 700 | 1 |
_aOteyza, Elena de, _etr. _944892 |
|
| 830 | 0 |
_aAwli _947172 |
|
| 910 | _aWM | ||
| 049 | _aBNGR | ||
| 999 |
_c22439 _d22439 |
||